[Event "40th ECC Open 2025"]
[Site "Rhodes GRE"]
[Date "2025.10.24"]
[Round "6.67"]
[White "Blomqvist, Erik"]
[Black "Feuerstack, Aljoscha"]
[Result "1-0"]
[WhiteTitle "GM"]
[BlackTitle "IM"]
[WhiteElo "2478"]
[BlackElo "2452"]
[WhiteTeam "SK Rockaden #1 (SWE)"]
[BlackTeam "FC St. Pauli"]
[WhiteFideId "1709437"]
[BlackFideId "4681932"]
[EventDate "2025.10.19"]

1. e4 c5 2. Nf3 e6 3. d4 cxd4 4. Nxd4 Nf6 5. Nc3 Nc6 6. Be2 Bb4 7. O-O Bxc3 8.
bxc3 Nxe4 9. Nxc6 dxc6 10. Bd3 Nc5 11. Qg4 Qf6 12. Bg5 Qxc3 13. Rad1 h6 14. Be3
O-O 15. Bxh6 f5 16. Qg6 Qf6 17. Qxf6 Rxf6 18. Bf4 Nxd3 19. Rxd3 e5 20. Bxe5 Rf7
21. Rd6 Bd7 22. Rfd1 Re8 23. f4 Be6 24. a3 Bc4 25. Kf2 Re6 26. Rd8+ Kh7 27. Ra8
Rh6 28. Rdd8 a6 29. h3 Bd5 30. g4 Be4 31. g5 Re6 32. h4 1-0

[Event "40th ECC Open 2025"]
[Site "Rhodes GRE"]
[Date "2025.10.24"]
[Round "6.68"]
[White "Krause, Benedict"]
[Black "Trost, Edvin"]
[Result "1/2-1/2"]
[WhiteTitle "IM"]
[BlackTitle "IM"]
[WhiteElo "2419"]
[BlackElo "2457"]
[WhiteTeam "FC St. Pauli"]
[BlackTeam "SK Rockaden #1 (SWE)"]
[WhiteFideId "12917990"]
[BlackFideId "1729519"]
[EventDate "2025.10.19"]

1. e4 c5 2. Nf3 Nc6 3. d4 cxd4 4. Nxd4 Nf6 5. Nc3 d6 6. Bg5 e6 7. Bb5 Bd7 8. Qd3
Be7 9. O-O-O O-O 10. Bxc6 bxc6 11. Nb3 a5 12. Bxf6 gxf6 13. Qg3+ Kh8 14. Rxd6
Rg8 15. Qd3 Bxd6 16. Qxd6 Bc8 17. Qxc6 Ra6 18. Qc5 Rd6 19. g3 Rg5 20. Qe3 Ba6
21. f4 Rg8 22. Qc5 a4 23. Nxa4 Qd7 24. Nc3 Rd8 25. e5 Qb7 26. Re1 Rc6 27. Qe3
Qe7 28. exf6 Qxf6 29. Qe5 Qxe5 30. Rxe5 Rdc8 31. a4 Kg7 32. Nd4 Rc4 33. Ndb5
Bxb5 34. Rxb5 f6 35. a5 R8c6 36. Rb3 e5 37. fxe5 fxe5 38. Kd2 Rd4+ 39. Ke3 Rdc4
40. Rb7+ Kg6 41. Rb6 Rxb6 42. axb6 Kg7 43. Nb5 Rc6 44. b7 Rb6 45. Nd6 Kf6 46. c4
Ke6 47. b4 Kd7 48. Ke4 Kc6 49. Nb5 Kxb7 50. Kxe5 Rh6 51. h4 Rg6 52. Nd6+ Kc6 53.
Ne4 Kb6 54. Kf5 Rc6 55. Nd6 Rc7 56. g4 Kc6 57. Ne4 Kb6 58. Nc5 Rf7+ 59. Ke5 Rf1
60. Nd7+ Kc6 61. Nf6 Re1+ 62. Kf5 Rf1+ 63. Ke5 Re1+ 64. Ne4 Rc1 65. c5 Rb1 66.
g5 Rh1 67. Nf6 Rxh4 68. Nxh7 Rxh7 69. g6 Rb7 70. Kf6 Rxb4 71. g7 Rg4 72. Kf7
Kxc5 73. g8=Q Rxg8 74. Kxg8 1/2-1/2

[Event "40th ECC Open 2025"]
[Site "Rhodes GRE"]
[Date "2025.10.24"]
[Round "6.69"]
[White "Sorensen, Hampus"]
[Black "Ertan, Can"]
[Result "1-0"]
[WhiteTitle "IM"]
[BlackTitle "IM"]
[WhiteElo "2440"]
[BlackElo "2351"]
[WhiteTeam "SK Rockaden #1 (SWE)"]
[BlackTeam "FC St. Pauli"]
[WhiteFideId "8703884"]
[BlackFideId "6306330"]
[EventDate "2025.10.19"]

1. d4 Nf6 2. Bf4 e6 3. e3 b6 4. Qf3 d5 5. Nd2 Bd6 6. Bb5+ c6 7. Bd3 Ba6 8. Ne2
c5 9. Bxa6 Nxa6 10. c3 O-O 11. O-O Re8 12. Ng3 b5 13. a3 h6 14. Rfd1 Rc8 15. h3
Rc6 16. e4 Bxf4 17. Qxf4 cxd4 18. e5 dxc3 19. exf6 g5 20. Qf3 cxd2 21. h4 Rc2
22. hxg5 hxg5 23. Nh5 Qd6 24. Qe3 Rec8 25. Qxg5+ Kf8 26. Ng7 R8c7 27. Qh6 Kg8
28. Nf5 Qf8 29. Qg5+ Kh7 30. Qh5+ Kg8 31. Nh6+ Kh7 32. Nxf7+ 1-0

[Event "40th ECC Open 2025"]
[Site "Rhodes GRE"]
[Date "2025.10.24"]
[Round "6.70"]
[White "Krause, Jonah"]
[Black "Barkhagen, Jonas"]
[Result "0-1"]
[WhiteTitle "FM"]
[BlackTitle "IM"]
[WhiteElo "2350"]
[BlackElo "2408"]
[WhiteTeam "FC St. Pauli"]
[BlackTeam "SK Rockaden #1 (SWE)"]
[WhiteFideId "12907910"]
[BlackFideId "1700855"]
[EventDate "2025.10.19"]

1. d4 d5 2. c4 c6 3. Nf3 Nf6 4. e3 e6 5. Bd3 Nbd7 6. O-O Bd6 7. Nc3 O-O 8. e4
dxe4 9. Nxe4 Nxe4 10. Bxe4 h6 11. Re1 Nf6 12. Bc2 c5 13. Qd3 b6 14. Ne5 Bb7 15.
Bf4 Re8 16. Rad1 cxd4 17. Qxd4 Bc5 18. Qc3 Qe7 19. a3 a5 20. Qh3 Red8 21. Be3
Rxd1 22. Rxd1 Rd8 23. Rxd8+ Qxd8 24. Bxc5 bxc5 25. Qe3 Qd6 26. h3 Kf8 27. f4 Ke7
28. Ba4 Ne4 29. Nd3 g5 30. fxg5 hxg5 31. Bd1 f5 32. g3 f4 33. gxf4 gxf4 34. Qf3
Qd4+ 35. Kh2 Nd6 36. Qxf4 Qxd3 37. Qg5+ Kd7 38. Ba4+ Kc8 39. Qxc5+ Kb8 0-1

[Event "40th ECC Open 2025"]
[Site "Rhodes GRE"]
[Date "2025.10.24"]
[Round "6.71"]
[White "Kenneskog, Theodor"]
[Black "Sawatzki, Frank"]
[Result "1/2-1/2"]
[WhiteTitle "FM"]
[BlackTitle "FM"]
[WhiteElo "2338"]
[BlackElo "2337"]
[WhiteTeam "SK Rockaden #1 (SWE)"]
[BlackTeam "FC St. Pauli"]
[WhiteFideId "1715011"]
[BlackFideId "4613600"]
[EventDate "2025.10.19"]

1. e4 c5 2. Nf3 Nc6 3. d4 cxd4 4. Nxd4 e6 5. a3 Bc5 6. Nb3 Bb6 7. Nc3 Nge7 8.
Bg5 f6 9. Bh4 O-O 10. Be2 a6 11. Qd2 Ba7 12. Bg3 d5 13. exd5 exd5 14. O-O-O d4
15. Ne4 Nf5 16. Kb1 Kh8 17. Rhe1 Ne5 18. Bd3 Nxg3 19. hxg3 Be6 20. Nec5 Bg8 21.
Be4 Qe7 22. Nd3 Nc4 23. Qb4 Qxb4 24. Nxb4 Nd6 25. Bf3 Bxb3 26. cxb3 Rfe8 27. Nd3
Kg8 28. Bd5+ Kf8 29. Nf4 Re5 30. Ne6+ Ke7 31. Nxg7 Kd7 32. Be6+ Ke7 33. Bd5 Kd7
34. Be6+ Ke7 35. Bd5 Kd7 36. Kc2 1/2-1/2

[Event "40th ECC Open 2025"]
[Site "Rhodes GRE"]
[Date "2025.10.24"]
[Round "6.72"]
[White "Eberle, Triona"]
[Black "Bator, Robert"]
[Result "1/2-1/2"]
[BlackTitle "IM"]
[WhiteElo "2008"]
[BlackElo "2299"]
[WhiteTeam "FC St. Pauli"]
[BlackTeam "SK Rockaden #1 (SWE)"]
[WhiteFideId "34627731"]
[BlackFideId "1700405"]
[EventDate "2025.10.19"]

1. e4 e5 2. Nf3 Nf6 3. Nc3 Nc6 4. Bb5 Nd4 5. O-O Nxb5 6. Nxb5 c6 7. Nc3 d6 8. d4
Qc7 9. h3 Be7 10. Qd3 O-O 11. Bg5 h6 12. Bh4 Nh5 13. Bg3 Nxg3 14. fxg3 b5 15. g4
b4 16. Ne2 Qb6 17. c4 bxc3 18. bxc3 Ba6 19. Qc2 Bxe2 20. Qxe2 Bf6 21. Rab1 Qa5
22. Qc4 Rac8 23. dxe5 Bxe5 24. Nxe5 Qxe5 25. Rb7 d5 26. exd5 cxd5 27. Qd4 Qxd4+
28. cxd4 Rc4 29. Rxa7 Rxd4 30. Rd7 Ra4 31. Rxd5 1/2-1/2

[Event "40th ECC Open 2025"]
[Site "Rhodes GRE"]
[Date "2025.10.24"]
[Round "6.73"]
[White "Smeets, Jan"]
[Black "Williams, Simon K"]
[Result "1/2-1/2"]
[WhiteTitle "GM"]
[BlackTitle "GM"]
[WhiteElo "2562"]
[BlackElo "2426"]
[WhiteTeam "LSG Leiden"]
[BlackTeam "Cheddleton Savills Catering"]
[WhiteFideId "1007246"]
[BlackFideId "404454"]
[EventDate "2025.10.19"]

1. d4 e6 2. e4 d5 3. exd5 exd5 4. Nf3 Nf6 5. Bd3 Bd6 6. Qe2+ Be6 7. Ng5 Qe7 8.
Nxe6 fxe6 9. Nd2 Nc6 10. Nf3 O-O 11. O-O e5 12. dxe5 Nxe5 13. Nxe5 Qxe5 14. Qxe5
Bxe5 15. c3 Bd6 16. g3 Ng4 17. b4 a5 18. Be2 Nf6 19. bxa5 Rxa5 20. c4 Be5 21.
Rb1 Rxa2 22. Bf3 dxc4 23. Rxb7 c3 24. Be3 Rb2 25. Ra7 Rfb8 26. Kg2 R8b4 27. Re1
Rb1 28. Rxb1 Rxb1 29. Ra5 Bd6 30. Ra6 Be5 31. Ra5 Bd6 32. Ra6 Be5 33. Ra5 1/2-1/2

[Event "40th ECC Open 2025"]
[Site "Rhodes GRE"]
[Date "2025.10.24"]
[Round "6.74"]
[White "Pert, Richard G"]
[Black "Pijpers, Arthur"]
[Result "1/2-1/2"]
[WhiteTitle "IM"]
[BlackTitle "GM"]
[WhiteElo "2414"]
[BlackElo "2487"]
[WhiteTeam "Cheddleton Savills Catering"]
[BlackTeam "LSG Leiden"]
[WhiteFideId "404748"]
[BlackFideId "1019554"]
[EventDate "2025.10.19"]

1. d4 Nf6 2. Nf3 g6 3. Nbd2 d5 4. b3 Bg7 5. Bb2 O-O 6. e3 Bf5 7. c4 c6 8. Be2
Ne4 9. O-O Nd7 10. Nxe4 Bxe4 11. Rc1 Re8 12. cxd5 cxd5 13. Ng5 Nf6 14. Nxe4 Nxe4
15. Bd3 Nd6 16. Rc5 e6 17. Qc2 Bf8 18. Rc3 Qa5 19. Rc5 Qd8 20. Rc3 Qa5 21. Rc5
Qd8 1/2-1/2

[Event "40th ECC Open 2025"]
[Site "Rhodes GRE"]
[Date "2025.10.24"]
[Round "6.75"]
[White "De Jong, Jan-Willem"]
[Black "Eggleston, David J"]
[Result "1/2-1/2"]
[WhiteTitle "IM"]
[BlackTitle "IM"]
[WhiteElo "2420"]
[BlackElo "2357"]
[WhiteTeam "LSG Leiden"]
[BlackTeam "Cheddleton Savills Catering"]
[WhiteFideId "1008641"]
[BlackFideId "412120"]
[EventDate "2025.10.19"]

1. Nf3 Nf6 2. g3 e6 3. Bg2 d5 4. O-O Be7 5. c4 O-O 6. b3 d4 7. e3 c5 8. Ne5 Nfd7
9. exd4 cxd4 10. Nxd7 Qxd7 11. d3 Nc6 12. Ba3 e5 13. Bxe7 Qxe7 14. a3 a5 15. Nd2
Bf5 16. Qc2 Bg6 17. c5 Kh8 18. Rfe1 f6 19. Rac1 Rae8 20. Ne4 Bxe4 21. Bxe4 f5
22. Bg2 f4 23. Re4 f3 24. Bf1 Qc7 25. Qc4 Ne7 26. h4 Ng8 27. Ree1 Nf6 28. b4
axb4 29. axb4 Nh5 30. Re4 Nf6 1/2-1/2

[Event "40th ECC Open 2025"]
[Site "Rhodes GRE"]
[Date "2025.10.24"]
[Round "6.76"]
[White "Pert, Max"]
[Black "Bosman, Michiel"]
[Result "1/2-1/2"]
[WhiteTitle "FM"]
[BlackTitle "IM"]
[WhiteElo "2221"]
[BlackElo "2306"]
[WhiteTeam "Cheddleton Savills Catering"]
[BlackTeam "LSG Leiden"]
[WhiteFideId "456845"]
[BlackFideId "1000721"]
[EventDate "2025.10.19"]

1. e4 e5 2. Nf3 Nc6 3. d4 exd4 4. Nxd4 Nf6 5. Nxc6 bxc6 6. e5 Qe7 7. Qe2 Nd5 8.
h4 f6 9. exf6 Qxe2+ 10. Bxe2 Nxf6 11. Bg5 d5 12. Nd2 Bd6 13. Bxf6 gxf6 14. O-O-O
O-O 15. Bd3 Rb8 16. c3 c5 17. g3 c4 18. Bc2 Bc5 19. Nf1 Bb7 20. Ne3 Rbe8 21.
Rhe1 c6 22. Kd2 Bc8 23. f3 Bd7 24. Nf5 Re5 25. Nd4 Rb8 26. Kc1 Rbe8 27. Kd2 Rb8
28. Kc1 Rbe8 29. Kd2 Rb8 1/2-1/2

[Event "40th ECC Open 2025"]
[Site "Rhodes GRE"]
[Date "2025.10.24"]
[Round "6.77"]
[White "Sirin, Atakan"]
[Black "Arkell, Keith C"]
[Result "1-0"]
[WhiteTitle "FM"]
[BlackTitle "GM"]
[WhiteElo "2346"]
[BlackElo "2348"]
[WhiteTeam "LSG Leiden"]
[BlackTeam "Cheddleton Savills Catering"]
[WhiteFideId "6303307"]
[BlackFideId "400270"]
[EventDate "2025.10.19"]

1. e4 e6 2. d4 d5 3. Nc3 dxe4 4. Nxe4 Bd7 5. Nf3 Bc6 6. Bd3 Nd7 7. O-O Ngf6 8.
Ng3 Be7 9. b3 Bxf3 10. Qxf3 c6 11. Bb2 O-O 12. c4 Re8 13. Rad1 Bf8 14. Rfe1 Qc7
15. Ne4 Nxe4 16. Qxe4 g6 17. d5 e5 18. dxc6 bxc6 19. Bc2 Rad8 20. Re2 Bg7 21.
Red2 f5 22. Qe3 Nf8 23. c5 Rxd2 24. Rxd2 e4 25. b4 Bxb2 26. Qb3+ Kg7 27. Qxb2+
Qe5 28. Qxe5+ Rxe5 29. Ba4 a5 30. a3 f4 31. Bxc6 e3 32. fxe3 fxe3 33. Rd5 Re6
34. Rd6 Re5 35. Rd5 Re6 36. Rd6 Re5 37. Kf1 Ne6 38. g3 axb4 39. axb4 Nxc5 40.
bxc5 Rxc5 41. Bf3 Rc1+ 42. Rd1 Rc3 43. Be2 Rc5 44. Rd3 Rf5+ 45. Ke1 Re5 46. Bf3
h5 47. Ke2 h4 48. g4 Kf6 49. Rxe3 Ra5 50. Kf2 Kg5 51. h3 Ra2+ 52. Be2 Kf4 53.
Rf3+ Kg5 54. Rc3 Ra1 55. Rc5+ Kf4 56. Rc6 Ra3 57. Rxg6 Rxh3 58. Rf6+ Kg5 59.
Rf5+ Kg6 60. Rh5 Rh2+ 61. Ke3 Kg7 62. Bf3 Kf6 63. Kf4 1-0

[Event "40th ECC Open 2025"]
[Site "Rhodes GRE"]
[Date "2025.10.24"]
[Round "6.78"]
[White "Pert, Nina"]
[Black "Roobol, Martin"]
[Result "0-1"]
[WhiteTitle "WCM"]
[BlackTitle "FM"]
[WhiteElo "2029"]
[BlackElo "2262"]
[WhiteTeam "Cheddleton Savills Catering"]
[BlackTeam "LSG Leiden"]
[WhiteFideId "456853"]
[BlackFideId "1004468"]
[EventDate "2025.10.19"]

1. e4 c5 2. Nf3 Nc6 3. Nc3 g6 4. d4 cxd4 5. Nxd4 Bg7 6. Be3 Nf6 7. Nxc6 bxc6 8.
e5 Ng8 9. Bd4 Qa5 10. f4 f6 11. Qe2 fxe5 12. Bxe5 Nf6 13. Qc4 Qb6 14. O-O-O d5
15. Qb3 O-O 16. Re1 Bf5 17. Qa3 Rf7 18. Na4 Qa5 19. Bc3 Qc7 20. Be5 Qa5 21. Bc3
Qd8 22. Nc5 Bh6 23. g3 Qd6 24. Be5 Qd8 25. Ba6 Ng4 26. Bb7 Nxe5 27. Bxa8 Nc4 28.
Qxa7 e5 29. Qa6 Qb8 30. b3 exf4 31. Bxc6 Qb4 32. Ne4 fxg3+ 33. Kb1 Bxe4 34. Rxe4
Nd2+ 35. Kb2 Nxe4 36. Qd3 Bg7+ 37. Kb1 Qa3 38. c3 Nxc3+ 0-1

[Event "40th ECC Open 2025"]
[Site "Rhodes GRE"]
[Date "2025.10.24"]
[Round "6.79"]
[White "Sahidi, Samir"]
[Black "Kjartansson, Gudmundur"]
[Result "1-0"]
[WhiteTitle "IM"]
[BlackTitle "GM"]
[WhiteElo "2490"]
[BlackElo "2422"]
[WhiteTeam "SK K Cero Invest Nitra"]
[BlackTeam "Reykjavik chess club"]
[WhiteFideId "14936372"]
[BlackFideId "2301318"]
[EventDate "2025.10.19"]

1. e4 e5 2. Nf3 Nc6 3. Bb5 a6 4. Ba4 Nf6 5. d3 Bc5 6. O-O b5 7. Bb3 d6 8. c3 Bb6
9. Re1 Na5 10. Bc2 c5 11. a4 Rb8 12. h3 h6 13. d4 cxd4 14. cxd4 Nc6 15. Be3 O-O
16. axb5 axb5 17. Nc3 b4 18. Nd5 Nxd5 19. exd5 Nxd4 20. Nxd4 Bxd4 21. Bxd4 b3
22. Be4 exd4 23. Qxd4 Re8 24. Re3 Re5 25. Bd3 Rxe3 26. Qxe3 Bd7 27. Qe4 g6 28.
Qf4 Bb5 29. Ra7 Qe8 30. Bxb5 Rxb5 31. Qxd6 Qe1+ 32. Kh2 Qxf2 33. Ra8+ Kh7 34.
Qe5 g5 35. Rh8+ Kg6 36. Qe4+ Kh5 37. d6 Rb6 38. d7 Rd6 39. d8=Q Rxd8 40. Rxd8
Qxb2 41. Qf3+ Kg6 42. Rg8+ 1-0

[Event "40th ECC Open 2025"]
[Site "Rhodes GRE"]
[Date "2025.10.24"]
[Round "6.80"]
[White "Domalchuk-Jonasson, Aleksandr"]
[Black "Haring, Filip"]
[Result "0-1"]
[WhiteTitle "IM"]
[BlackTitle "IM"]
[WhiteElo "2373"]
[BlackElo "2479"]
[WhiteTeam "Reykjavik chess club"]
[BlackTeam "SK K Cero Invest Nitra"]
[WhiteFideId "14142805"]
[BlackFideId "14933080"]
[EventDate "2025.10.19"]

1. d4 Nf6 2. c4 e6 3. Nc3 Bb4 4. Qc2 b6 5. e4 c5 6. d5 exd5 7. exd5 Qe7+ 8. Ne2
d6 9. Bd2 O-O 10. O-O-O Ng4 11. Be1 f5 12. a3 Ba5 13. Nf4 a6 14. g3 Ne5 15. Ne6
Bxe6 16. dxe6 Nbc6 17. Nd5 Qxe6 18. b4 Nd4 19. Rxd4 cxd4 20. f4 Ng4 21. Bd2 Rac8
22. bxa5 b5 23. Kb1 bxc4 24. Nb6 d3 25. Qa2 Qe4 26. Rg1 Qd4 27. Rg2 d5 28. Nxc8
Rxc8 29. Qb2 c3 30. Bxc3 Rxc3 31. Qb8+ Kf7 32. Qb7+ Kg6 33. Qb6+ Qf6 34. Rb2
Rxa3 35. h3 d2 36. Rxd2 Ra1+ 37. Kc2 Ne3+ 38. Qxe3 Qc6+ 39. Kb3 Qa4+ 40. Kb2
Qa2+ 41. Kc3 Qxa5+ 42. Kb2 Qa2+ 43. Kc3 Qa3+ 44. Kd4 Qa4+ 45. Kc5 Rc1+ 46. Kb6
Qb4+ 47. Ka7 Rc7+ 48. Kxa6 Qa4+ 49. Kb6 Qa7+ 0-1

[Event "40th ECC Open 2025"]
[Site "Rhodes GRE"]
[Date "2025.10.24"]
[Round "6.81"]
[White "Stohl, Igor"]
[Black "Thorhallsson, Throstur"]
[Result "1/2-1/2"]
[WhiteTitle "GM"]
[BlackTitle "GM"]
[WhiteElo "2394"]
[BlackElo "2391"]
[WhiteTeam "SK K Cero Invest Nitra"]
[BlackTeam "Reykjavik chess club"]
[WhiteFideId "14900025"]
[BlackFideId "2300109"]
[EventDate "2025.10.19"]

1. c4 e6 2. Nf3 d5 3. g3 Nf6 4. Bg2 Be7 5. O-O O-O 6. b3 c5 7. Bb2 dxc4 8. bxc4
Nc6 9. Nc3 a6 10. e3 Qc7 11. Qe2 b6 12. Rac1 Bb7 13. d4 cxd4 14. exd4 Na5 15.
Nd1 Rfe8 16. Ne3 Rac8 17. Rfd1 Qb8 18. Bh3 Rcd8 19. Ne5 Bf8 20. N3g4 Nxg4 21.
Nxg4 Qc7 22. d5 f5 23. Ne3 g6 24. dxe6 Rxe6 25. Rxd8 Qxd8 26. Rd1 Qe8 27. Qd3
Bg7 28. Bxg7 Kxg7 29. c5 Qc6 30. Qd7+ Kh6 31. Qxc6 1/2-1/2

[Event "40th ECC Open 2025"]
[Site "Rhodes GRE"]
[Date "2025.10.24"]
[Round "6.82"]
[White "Johannesson, Ingvar Thor"]
[Black "Bochnicka, Vladimir ml."]
[Result "0-1"]
[WhiteTitle "FM"]
[BlackTitle "IM"]
[WhiteElo "2256"]
[BlackElo "2347"]
[WhiteTeam "Reykjavik chess club"]
[BlackTeam "SK K Cero Invest Nitra"]
[WhiteFideId "2301490"]
[BlackFideId "14943450"]
[EventDate "2025.10.19"]

1. e4 e5 2. Nf3 Nc6 3. Bc4 Nf6 4. Ng5 d5 5. exd5 Na5 6. d3 h6 7. Nf3 e4 8. Nd4
Nxd5 9. Bb5+ c6 10. dxe4 cxb5 11. exd5 Qxd5 12. Qe2+ Be6 13. Nxe6 Qxe6 14. Qxe6+
fxe6 15. Nd2 Rc8 16. c3 b4 17. Ne4 bxc3 18. bxc3 Nc4 19. Bf4 Be7 20. Ke2 Rf8 21.
Bg3 Rf5 22. Rhb1 b6 23. a4 Ra5 24. Rb5 Rxb5 25. axb5 Na3 26. Be5 g6 27. f4 Nxb5
28. Kd3 Rd8+ 29. Kc4 Rd5 30. Kb3 a5 31. Ka4 Na7 32. Bd4 b5+ 33. Kb3 Nc6 34. Bb6
a4+ 35. Kc2 a3 36. Kb3 Kf7 37. Rf1 e5 38. f5 gxf5 39. Rxf5+ Kg6 40. Rf1 Nb8 41.
Be3 Nd7 42. Bc1 b4 43. cxb4 Rd4 44. Nc5 Nxc5+ 45. bxc5 Bxc5 46. Bxa3 Bxa3 47.
Kxa3 Rd2 48. Rf8 Kg5 49. Kb3 Kg4 50. Rg8+ Kf4 51. Rg6 h5 52. Kc3 Rd5 53. Rf6+
Ke3 54. Rf3+ Ke2 55. Rf5 h4 56. Rh5 Rd3+ 57. Kc2 Rd2+ 58. Kc3 Rd3+ 59. Kc2 e4
60. Rxh4 e3 61. Re4 Rd8 62. h4 Rc8+ 63. Kb2 Kf2 64. g4 e2 65. h5 e1=Q 66. Rxe1
Kxe1 67. h6 Rh8 0-1

[Event "40th ECC Open 2025"]
[Site "Rhodes GRE"]
[Date "2025.10.24"]
[Round "6.83"]
[White "Jablonicky, Martin"]
[Black "Omarsson, Adam"]
[Result "1/2-1/2"]
[WhiteTitle "IM"]
[BlackTitle "CM"]
[WhiteElo "2330"]
[BlackElo "2093"]
[WhiteTeam "SK K Cero Invest Nitra"]
[BlackTeam "Reykjavik chess club"]
[WhiteFideId "14925621"]
[BlackFideId "2311453"]
[EventDate "2025.10.19"]

1. d4 Nf6 2. c4 g6 3. Nc3 Bg7 4. e4 d6 5. Be2 O-O 6. Nf3 e5 7. O-O Nc6 8. d5 Ne7
9. Ne1 Nd7 10. Be3 f5 11. f3 f4 12. Bf2 g5 13. a4 h5 14. a5 Nf6 15. c5 g4 16. a6
b6 17. cxd6 cxd6 18. Nb5 Ng6 19. Qc2 Rf7 20. Qc6 Bd7 21. Qxd6 g3 22. hxg3 fxg3
23. Bxg3 Bf8 24. Qc7 Bc5+ 25. Bf2 Qf8 26. Bxc5 bxc5 27. Qd6 Qh6 28. Qxc5 Rc8 29.
Nc7 Rxc7 30. Qxc7 Qe3+ 31. Kh2 Qxe2 32. Qxa7 Qxf1 33. Qb8+ Kh7 34. a7 Ng4+ 35.
fxg4 Qf4+ 36. Kh1 hxg4 37. Qb3 g3 38. Nf3 Qh6+ 39. Kg1 Rxf3 40. Qxf3 Qh2+ 41.
Kf1 Qh1+ 42. Ke2 Qxa1 43. Qf7+ Kh6 44. Qxd7 Qxb2+ 45. Kd1 Qb1+ 46. Kd2 Qb2+ 47.
Kd3 Qb3+ 48. Kd2 Qb2+ 49. Kd3 Qb3+ 50. Kd2 1/2-1/2

[Event "40th ECC Open 2025"]
[Site "Rhodes GRE"]
[Date "2025.10.24"]
[Round "6.84"]
[White "Jonsson, Gauti Pall"]
[Black "Chovan, Milan"]
[Result "0-1"]
[BlackTitle "FM"]
[WhiteElo "2134"]
[BlackElo "2304"]
[WhiteTeam "Reykjavik chess club"]
[BlackTeam "SK K Cero Invest Nitra"]
[WhiteFideId "2309092"]
[BlackFideId "14933691"]
[EventDate "2025.10.19"]

1. d4 Nf6 2. Nc3 d5 3. Bf4 a6 4. e3 c5 5. dxc5 Nc6 6. Nf3 Bg4 7. Qd2 e6 8. Nd4
Bxc5 9. Nxc6 bxc6 10. h3 Bh5 11. Bd3 Nd7 12. a3 a5 13. Na4 O-O 14. c4 Be7 15.
Qc2 Bg6 16. Bxg6 hxg6 17. cxd5 cxd5 18. Bc7 Qc8 19. Rc1 Qa6 20. Qc6 Qxc6 21.
Rxc6 Rfc8 22. Ke2 Ne5 23. Rc2 Nc4 24. Bh2 Re8 25. e4 Ra7 26. exd5 exd5 27. Rd1
Bd6+ 28. Kf3 Bxh2 29. g3 Bxg3 30. Kxg3 Re5 31. b3 Nd6 32. Rc6 Nf5+ 33. Kg2 d4
34. Nb6 Re2 35. Kf1 Rb2 36. Rd3 Rb7 37. a4 Re7 38. Nc4 Rb1+ 39. Kg2 Nh4+ 40. Kh2
Re2 41. Rc8+ Kh7 42. Nd6 g5 43. Rh8+ Kxh8 44. Nxf7+ Kh7 45. Nxg5+ Kg6 0-1

[Event "40th ECC Open 2025"]
[Site "Rhodes GRE"]
[Date "2025.10.24"]
[Round "6.85"]
[White "Straka, Vojtech"]
[Black "Seel, Christian"]
[Result "1/2-1/2"]
[WhiteTitle "IM"]
[BlackTitle "IM"]
[WhiteElo "2414"]
[BlackElo "2481"]
[WhiteTeam "SK Oaza Praha loznice.cz"]
[BlackTeam "KSK Rochade (BEL)"]
[WhiteFideId "312509"]
[BlackFideId "4663098"]
[EventDate "2025.10.19"]

1. c4 e6 2. d4 d5 3. Nf3 Nf6 4. Nc3 c5 5. cxd5 exd5 6. e3 Nc6 7. Bb5 Be7 8. dxc5
Bxc5 9. Nd4 Qd6 10. Nxc6 bxc6 11. Be2 h5 12. a3 h4 13. Na4 h3 14. g3 Bb6 15. b4
O-O 16. Bb2 Re8 17. O-O Bf5 18. Rc1 Rac8 19. Bd4 Rb8 20. Bc5 Qe6 21. Nxb6 axb6
22. Bd4 Nd7 23. Qd2 Rbc8 24. Ba6 Rc7 25. Bd3 Ne5 26. Bxe5 Qxe5 27. Bxf5 Qxf5 28.
f3 c5 29. Kf2 d4 30. exd4 Rd7 31. bxc5 bxc5 32. g4 Qf6 33. d5 Qe5 34. Kg1 Rxd5
35. Qf2 Red8 36. Qg3 Qe3+ 37. Kh1 Qxa3 38. Qxh3 Qd3 39. Qg2 Qe3 40. Qf2 Qe7 41.
Rfe1 Qd6 42. Kg2 Rc8 43. Rc4 Rd4 44. Qxd4 Qxd4 1/2-1/2

[Event "40th ECC Open 2025"]
[Site "Rhodes GRE"]
[Date "2025.10.24"]
[Round "6.86"]
[White "Nagy, Gabor1"]
[Black "Svanda, Ondrej"]
[Result "1/2-1/2"]
[WhiteTitle "GM"]
[BlackTitle "IM"]
[WhiteElo "2441"]
[BlackElo "2363"]
[WhiteTeam "KSK Rochade (BEL)"]
[BlackTeam "SK Oaza Praha loznice.cz"]
[WhiteFideId "737119"]
[BlackFideId "359670"]
[EventDate "2025.10.19"]

1. c4 c6 2. Nf3 d5 3. e3 Nf6 4. Nc3 e6 5. d4 Nbd7 6. Qc2 Bd6 7. Bd3 O-O 8. O-O
dxc4 9. Bxc4 a6 10. a4 c5 11. Rd1 Qc7 12. Ne4 Nxe4 13. Qxe4 Nf6 14. Qh4 cxd4 15.
Bd3 e5 16. exd4 e4 17. Bxe4 Nxe4 18. Qxe4 h6 19. Be3 Qd8 20. Ne5 Re8 21. Qf3
Bxe5 22. dxe5 Qe7 23. Qg3 Bf5 24. Bxh6 Qxe5 25. Qxe5 Rxe5 26. Be3 Rc8 27. h3 Re4
28. Rd6 Rb4 29. Rb6 Rxb6 30. Bxb6 Rc2 31. Bd4 Be4 32. Re1 Bc6 33. a5 Rc4 34. Bc3
Re4 35. Rd1 f6 36. Rd2 Bb5 37. Rd8+ Re8 38. Rd6 Kf7 39. Kh2 Re7 40. Rd8 Re8 41.
Rd4 Bc6 42. Kg3 Re4 43. Rd2 Re7 44. Rd8 Re8 45. Rd1 Re7 46. f3 Rd7 47. Rh1 Rd5
48. h4 Rh5 49. Re1 Rd5 50. Re3 Bb5 51. Kf2 Rd6 52. Re1 Rd5 53. Rh1 Kg6 54. Kg3
Bc6 55. Kf4 Rd3 56. Re1 Rd5 57. Re7 Rd7 58. Re3 Rd1 59. g4 Kf7 60. Kg3 Rd5 61.
h5 Bb5 62. Bb4 Re5 63. Rc3 Bc6 64. Bc5 Rd5 65. b4 Bb5 66. Be3 Rd3 67. Rc7+ Rd7
68. Rc1 Rd3 69. Kf2 Bc6 70. Rc4 Rb3 71. Rd4 Ke6 72. Rf4 1/2-1/2

[Event "40th ECC Open 2025"]
[Site "Rhodes GRE"]
[Date "2025.10.24"]
[Round "6.87"]
[White "Svoboda, Vaclav2"]
[Black "Glek, Igor"]
[Result "0-1"]
[BlackTitle "GM"]
[WhiteElo "2376"]
[BlackElo "2432"]
[WhiteTeam "SK Oaza Praha loznice.cz"]
[BlackTeam "KSK Rochade (BEL)"]
[WhiteFideId "323551"]
[BlackFideId "4100484"]
[EventDate "2025.10.19"]

1. e4 e6 2. d4 d5 3. Nc3 Nf6 4. e5 Nfd7 5. f4 c5 6. Nf3 Nc6 7. Be3 cxd4 8. Nxd4
Bc5 9. Qd2 O-O 10. O-O-O Bxd4 11. Bxd4 Qa5 12. Kb1 Rb8 13. h4 b5 14. h5 b4 15.
Ne2 Ba6 16. h6 g6 17. Rh3 Bxe2 18. Bxe2 Nxd4 19. Qxd4 Nc5 20. g4 Ne4 21. Rb3
Rfc8 22. f5 Qc7 23. Rc1 Qb6 24. Rd1 Qc7 25. Rc1 a5 26. Bf3 Qc4 27. Qe3 a4 28.
Be2 Qc7 29. Rd3 a3 30. b3 Qxe5 0-1